Evropská hospodářská a měnová unie v souvislostech
Gespeichert in:
| 1. Verfasser: | |
|---|---|
| Format: | Buch |
| Sprache: | Tschechisch |
| Veröffentlicht: |
Praha
Grada Publishing
2022
|
| Ausgabe: | 1. vydání |
| Schlagworte: | |
| Tags: |
Keine Tags, Fügen Sie das erste Tag hinzu!
|
MARC
| LEADER | 00000nam a2200000 4500 | ||
|---|---|---|---|
| 001 | 0300040 | ||
| 005 | 20240425104632.5 | ||
| 020 | |a 978-80-271-1026-1 | ||
| 041 | 0 | |a cze | |
| 044 | |a CZ | ||
| 245 | 1 | 0 | |a Evropská hospodářská a měnová unie v souvislostech |c Luboš Fleischmann |
| 250 | |a 1. vydání | ||
| 264 | 1 | |a Praha |b Grada Publishing |c 2022 | |
| 300 | |a 165 s. | ||
| 610 | 2 | 0 | |a únie hospodárske |
| 610 | 2 | 0 | |a únie menové |
| 610 | 2 | 0 | |a regulácia finančná |
| 610 | 2 | 0 | |a dohľad bankový |
| 610 | 2 | 0 | |a únie bankové |
| 610 | 2 | 0 | |a politika daňová |
| 610 | 2 | 0 | |a produkt domáci hrubý |
| 610 | 2 | 0 | |a inflácia |
| 610 | 2 | 0 | |a Európska únia |
| 100 | 1 | |a Fleischmann, Luboš | |